000 01563nam0a2200313 4500
001 RU\NLR\bibl\386132
005 20250622155145.0
010 _a5-88044-146-6
_9700
035 _a(NLR Aleph) 000380493
090 _a452477
_c452477
100 _a20030407d2002 |||y0rusy50 ca
101 0 _arus
102 _aRU
105 _ay |||||||||
200 1 _aВоенно-техническое сотрудничество России и КНР в 1992-2002 годах: достижения, тенденции, перспективы
_fКонстантин Макиенко
210 _aМ.
_cГендальф
_d2002
215 _a66 с.
_d20
225 1 _aДоклад Российского представительства Центра оборонной информации
_vN 2
320 _aБиблиогр. в примеч.: с. 62-66
607 _aРоссийская Федерация
_xВоенно-техническое сотрудничество
_yКитайская Народная Республика
_z1992 - 2002
_92285664
_3RU\NLR\auth\661369153
607 _aКитайская Народная Республика
_xВоенно-техническое сотрудничество
_yРоссийская Федерация
_z1992 - 2002
_92285666
_3RU\NLR\auth\661369154
686 _aЦ8(2Р)2
686 _aЦ8(5Кит)2
700 1 _aМакиенко
_bК. В.
_gКонстантин Владимирович
_4070
801 0 _aRU
_bNLR
_c20030407
_gPSBO
801 1 _aRU
_bNLR
_c20030407
942 _cBOOK
980 _aNB